Surgery. (3rd ed.) (Record no. 32787)

MARC details
000 -LEADER
fixed length control field 00807nam a2200205 a 4500
008 - FIXED-LENGTH DATA ELEMENTS--GENERAL INFORMATION
fixed length control field 130515s2006 ||||||||||||||||| || u
020 ## - INTERNATIONAL STANDARD BOOK NUMBER
International Standard Book Number 9780443102752
050 ## - LIBRARY OF CONGRESS CALL NUMBER
Classification number RD 37 Raf
100 ## - MAIN ENTRY--PERSONAL NAME
Personal name Raftery, Andrew T
245 10 - TITLE STATEMENT
Title Surgery. (3rd ed.)
Statement of responsibility, etc. by Andrew T. Raftery and Michael S. Delbridge
250 ## - EDITION STATEMENT
Edition statement 3rd ed.
260 ## - PUBLICATION, DISTRIBUTION, ETC.
Place of publication, distribution, etc. Edinburgh:
Name of publisher, distributor, etc. Churchill Livingstone/Elsevier
Date of publication, distribution, etc. 2006
300 ## - PHYSICAL DESCRIPTION
Extent xiii, 612p.: ill.
500 ## - GENERAL NOTE
General note SCHOOL OF MEDICINE
650 ## - SUBJECT ADDED ENTRY--TOPICAL TERM
Topical term or geographic name entry element PERIOPERATIVE CARE--HANDBOOKS
650 #0 - SUBJECT ADDED ENTRY--TOPICAL TERM
Topical term or geographic name entry element SURGERY--HANDBOOKS, MANUALS, ETC
650 #3 - SUBJECT ADDED ENTRY--TOPICAL TERM
Topical term or geographic name entry element SURGICAL PROCEDURES, OPERATIVE--HANDBOOKS
700 ## - ADDED ENTRY--PERSONAL NAME
Personal name Delbridge, Michael S
995 ## -
-- MEDICAL LIBRARY OPEN ACCESS
-- 901964
-- CBU-SCHOOL OF MEDICINE LIBRARY (Ndola)
-- RD 37 Raf
-- 1
-- AVAILABLE
-- May 20, 2013
-- 901964
-- Medical Library Open Access Collection
999 ## -
-- 32787
-- 32787
Holdings
Withdrawn status Lost status Source of classification or shelving scheme Damaged status Not for loan Permanent Location Current Location Shelving location Date acquired Total Checkouts Total Renewals Full call number Barcode Date last seen Date last checked out Price effective from Koha item type
          CBU-SCHOOL OF MEDICINE LIBRARY, NDOLA. CBU-SCHOOL OF MEDICINE LIBRARY, NDOLA.   11/30/2022 4 1 RD 37 Raf 901964 10/25/2024 10/02/2024 11/30/2022 MONOGRAPH